|
|
|
|
| LEADER |
00000nab a2200000 a 4500 |
| 001 |
vtls000179101 |
| 003 |
SK-MaSNL |
| 005 |
20260303210744.0 |
| 008 |
111104c1984 xo 0 slo |
| 015 |
|
|
|a SNBRB19rr/mm-uuuuu
|
| 035 |
|
|
|a CL0189214
|
| 040 |
|
|
|a SNKBUCL
|b slo
|c SNKBUCL
|e AACR2
|
| 041 |
0 |
|
|a slo
|
| 044 |
|
|
|a xo
|c SK
|
| 080 |
|
|
|a 379.8
|2 1981
|
| 100 |
1 |
|
|a Gajdoš, Peter,
|d 1950-2021
|4 aut
|9 218141
|
| 245 |
1 |
0 |
|a K problematike využívania voľného času na dedine
|c Peter Gajdoš
|
| 300 |
|
|
|b Grafy 2., lit. 3 zázn. v slov.
|
| 650 |
0 |
7 |
|a voľný čas
|2 snkbucl
|9 3355
|
| 650 |
0 |
7 |
|a obyvateľstvo dedinské
|2 snkbucl
|9 935241
|
| 655 |
|
7 |
|a články z novín a časopisov
|2 snkbucl
|9 267496
|
| 773 |
0 |
|
|t Osvetová práca
|g Roč. 34, č. 8 (1984), s. 5-9
|
| 850 |
|
|
|a Slovenská národná knižnica v Martine
|a MTA001
|
| 852 |
|
|
|a SNK
|b KIS3GCP
|
| 958 |
|
|
|a RK
|
| 992 |
|
|
|a RBX
|
| 999 |
|
|
|c 2201545
|d 2203475
|